Normal view
MARC view
Entry Personal Name
001 - CONTROL NUMBER
- control field: 1117
003 - CONTROL NUMBER IDENTIFIER
- control field: BD-DhUIB
005 - DATE AND TIME OF LATEST TRANSACTION
- control field: 20260517193109.0
008 - FIXED-LENGTH DATA ELEMENTS
- fixed length control field: 260517|| aca||aabn | a|a d
040 ## - CATALOGING SOURCE
- Original cataloging agency: BD-DhUIB
- Transcribing agency: BD-DhUIB
100 ## - HEADING--PERSONAL NAME
- Personal name: Francks, Penelope
670 ## - SOURCE DATA FOUND
- Source citation: Work cat.: (BD-DhUIB)703: Francks, Penelope., Japan and the great divergence :, c2016
